Click to Build the World Map - Statistics

General Stats
  • This quiz has been taken 1,963 times
  • The average score is 154 of 196
Answers on the Map
Answers color-coded by a green-red scale on the quiz's map according to % correct below.
 
Answer Stats
Answer % Correct
United States
98%
China
94%
Mexico
94%
Russia
94%
Japan
93%
India
89%
Kazakhstan
88%
Canada
87%
Myanmar
87%
South Korea
87%
Ukraine
87%
Finland
86%
Iran
86%
Belarus
85%
Brazil
85%
Germany
85%
Poland
85%
United Kingdom
85%
Vietnam
85%
France
84%
Honduras
84%
Italy
84%
Nicaragua
84%
Pakistan
84%
Romania
84%
Saudi Arabia
84%
Algeria
83%
Argentina
83%
Cuba
83%
Jordan
83%
Libya
83%
Switzerland
83%
Colombia
82%
Greece
82%
North Macedonia
82%
Portugal
82%
South Sudan
82%
Spain
82%
Sudan
82%
Thailand
82%
Australia
81%
Bosnia and
Herzegovina
81%
Egypt
81%
Guyana
81%
Indonesia
81%
Israel
81%
Kosovo
81%
Morocco
81%
Panama
81%
Peru
81%
Serbia
81%
Turkey
81%
Croatia
80%
Czech Republic
80%
Democratic Republic
of the Congo
80%
Ivory Coast
80%
Jamaica
80%
Luxembourg
80%
Madagascar
80%
Malaysia
80%
Nepal
80%
San Marino
80%
Slovakia
80%
South Africa
80%
Uzbekistan
80%
Austria
79%
Bolivia
79%
Bulgaria
79%
Chad
79%
Chile
79%
Costa Rica
79%
Denmark
79%
Central African
Republic
79%
El Salvador
79%
Georgia
79%
Guatemala
79%
Haiti
79%
Ireland
79%
Lithuania
79%
Mongolia
79%
North Korea
79%
Norway
79%
Slovenia
79%
Sri Lanka
79%
Sweden
79%
Syria
79%
Trinidad and Tobago
79%
Vatican City
79%
Venezuela
79%
Afghanistan
78%
Andorra
78%
Bangladesh
78%
Belgium
78%
Bhutan
78%
Botswana
78%
Cyprus
78%
Ecuador
78%
Estonia
78%
Ethiopia
78%
Ghana
78%
Hungary
78%
Iceland
78%
Iraq
78%
Laos
78%
Latvia
78%
Liechtenstein
78%
Mali
78%
Malta
78%
Mauritania
78%
Namibia
78%
Netherlands
78%
New Zealand
78%
Niger
78%
Nigeria
78%
Paraguay
78%
Philippines
78%
Taiwan
78%
Tunisia
78%
Turkmenistan
78%
Angola
77%
Antigua and Barbuda
77%
Azerbaijan
77%
Bahamas
77%
Dominican Republic
77%
Kenya
77%
Kyrgyzstan
77%
Lebanon
77%
Liberia
77%
Monaco
77%
Montenegro
77%
Mozambique
77%
Oman
77%
Papua New Guinea
77%
Somalia
77%
Suriname
77%
United Arab Emirates
77%
Yemen
77%
Zimbabwe
77%
Albania
76%
Armenia
76%
Bahrain
76%
Belize
76%
Cape Verde
76%
Djibouti
76%
Dominica
76%
Grenada
76%
Lesotho
76%
Maldives
76%
Moldova
76%
Qatar
76%
Republic of the Congo
76%
Saint Kitts and Nevis
76%
Saint Lucia
76%
Saint Vincent and the
Grenadines
76%
Tajikistan
76%
Tanzania
76%
Zambia
76%
Barbados
75%
Benin
75%
Burkina Faso
75%
Burundi
75%
Eswatini
75%
Gambia
75%
Guinea
75%
Kuwait
75%
Rwanda
75%
Senegal
75%
Seychelles
75%
Singapore
75%
Cambodia
74%
Cameroon
74%
Eritrea
74%
Guinea-Bissau
74%
Sierra Leone
74%
Uganda
74%
Vanuatu
74%
Comoros
73%
São Tomé and
Príncipe
73%
Solomon Islands
73%
Togo
73%
Uruguay
73%
East Timor
72%
Fiji
72%
Kiribati
72%
Malawi
72%
Mauritius
72%
Brunei
71%
Gabon
71%
Tuvalu
71%
Equatorial Guinea
70%
Federated States of
Micronesia
70%
Nauru
69%
Marshall Islands
68%
Samoa
66%
Palau
58%
Tonga
58%
No matching quizzes found
Score Distribution
Percent of People with Each Score
Percentile by Number Answered
Your Score History
You have not taken this quiz